Sports Quiz

Random Sports Quiz

NY Mets Backup Catchers Quiz Stats

 Plays Quiz not verified by Sporcle

Score 0/52 Timer 10:00
0 Plays Today
Year Answer % Correct
1997Todd Pratt
65.3%
1999Todd Pratt
65.3%
2000Todd Pratt
65.3%
2001Todd Pratt
65.3%
1975John Stearns
64.4%
1976John Stearns
64.4%
1980John Stearns
64.4%
1970Duffy Dyer
63.5%
1971Duffy Dyer
63.5%
1973Duffy Dyer
63.5%
1974Duffy Dyer
63.5%
1987Barry Lyons
62.1%
1972Jerry Grote
59.8%
1977Jerry Grote
59.8%
1986Ed Hearn
59.8%
1981Alex Trevino
58%
1988Mackey Sasser
58%
1989Mackey Sasser
58%
1991Mackey Sasser
58%
2002Vance Wilson
54.8%
2004Vance Wilson
54.8%
2010Josh Thole
54.8%
1978Ron Hodges
49.3%
1979Ron Hodges
49.3%
1982Ron Hodges
49.3%
1984Rod Hodges
49.3%
Year Answer % Correct
2005Ramon Castro
49.3%
2006Ramon Castro
49.3%
2007Ramon Castro
49.3%
2008Ramon Castro
49.3%
1992Charlie O'Brien
44.7%
1993Charlie O'Brien
44.7%
2003Mike Piazza
44.7%
2009Brian Schneider
44.7%
2013Anthony Recker
43.4%
1968J.C. Martin
37.4%
1969J.C. Martin
37.4%
2012Mike Nickeas
27.9%
1983Junior Ortiz
25.6%
1994Kelly Stinnett
22.4%
1995Kelly Stinnett
22.4%
1998Alberto Castillo
21.9%
1964Chris Cannizzaro
18.3%
2011Ronny Paulino
15.5%
1985Ronn Reynolds
15.1%
1996Brent Mayne
14.2%
1962Sammy Taylor
12.3%
1965John Stephenson
11%
1966John Stephenson
11%
1963Norm Sherry
7.3%
1990Orlando Mercado
6.4%
1967John Sullivan
5.5%

You're not logged in!

Compare scores with friends on all Sporcle quizzes.
OR
Log In

Show Comments

Extras

Top Quizzes Today


Score Distribution

Your Account Isn't Verified!

In order to create a playlist on Sporcle, you need to verify the email address you used during registration. Go to your Sporcle Settings to finish the process.

Report this User

Report this user for behavior that violates our Community Guidelines.

Details: